Macromedia Director 8.5 : Shockwave studio for 3D : training from the source (Record no. 7086)

000 -LEADER
fixed length control field 00945 a2200157 4500
020 ## - INTERNATIONAL STANDARD BOOK NUMBER
International Standard Book Number 0201741644
040 ## - CATALOGING SOURCE
Original cataloging agency DLC
100 1# - MAIN ENTRY--PERSONAL NAME
Personal name Gross, Phil.
245 10 - TITLE STATEMENT
Title Macromedia Director 8.5 : Shockwave studio for 3D : training from the source
Remainder of title Shockwave studio for 3D : training from the source /
Statement of responsibility, etc. Phil Gross and Mike Gross.
260 ## - PUBLICATION, DISTRIBUTION, ETC.
Place of publication, distribution, etc. New Delhi :
Name of publisher, distributor, etc. Techmedia,
Date of publication, distribution, etc. c2002.
300 ## - PHYSICAL DESCRIPTION
Extent 784 p. :
Other physical details ill. +
Accompanying material 1 CD-ROM (4 3/4 in.)
538 ## - SYSTEM DETAILS NOTE
System details note System requirements for accompanying CD-ROM: Intel Pentium II processor or Power Macintosh; Windows 95/98/2000, Windows NT 4 (with Service Pack 3 or later), or Windows Me, or Mac OS 8.5 or later or Mac OS X (Classic mode only); 64 MB or more of available RAM; 100 MB of available disk space; 256 color monitor capable of 800 x 600 resolution; DirectX 5.2 or OpenGL (recommended); 3D graphics accelerator (recommended).
650 #0 - SUBJECT ADDED ENTRY--TOPICAL TERM
Topical term or geographic name entry element Multimedia systems.
700 1# - ADDED ENTRY--PERSONAL NAME
Personal name Gross, Mike.
942 ## - ADDED ENTRY ELEMENTS (KOHA)
Koha item type Book
Call number prefix 006.786 GRO
Source of classification or shelving scheme
Holdings
Withdrawn status Lost status Damaged status Not for loan Collection code Permanent Location Current Location Shelving location Date acquired Source of acquisition Cost, normal purchase price Total Checkouts Full call number Barcode Date last seen Price effective from Koha item type
          Central Library (CL) Central Library (CL) First Floor - Machine Learning/Computer Graphics 10/22/2002 Vanguard Books 675.75   006.786 GRO SEECS002606 11/14/2012 01/05/2017 Book
© 2023 Central Library, National University of Sciences and Technology. All Rights Reserved.